| 000 | 00928 am a2200313 i 4500 | ||
|---|---|---|---|
| 999 |
_c558 _d558 |
||
| 001 | 7100977 | ||
| 003 | ALUPE UNHF | ||
| 005 | 20210615101849.0 | ||
| 008 | 150901t20132013onca b 001 0 eng d | ||
| 020 | _a9781894566476 | ||
| 035 | _aocn987784564 | ||
| 040 |
_aAEVC _beng _erda _cALUPE UN |
||
| 050 |
_aHF 1009.5 _b.F67 2013 |
||
| 090 |
_a658.84 INT _bAEVC |
||
| 245 | 0 | 0 | _aInternational market entry strategies. |
| 250 | _aSixth edition | ||
| 264 | 1 |
_a[Ottawa]: _bFITT, _c[2013] |
|
| 264 | 4 | _c©2013 | |
| 300 |
_a278 pages : _bcolor illustrations ; _c23 cm |
||
| 336 |
_atext _btxt _2rdacontent |
||
| 337 |
_aunmediated _bn _2rdamedia |
||
| 338 |
_avolume _bnc _2rdacarrier |
||
| 504 | _aIncludes bibliographical references and index. | ||
| 650 | 0 |
_aExport marketing _vTextbooks. |
|
| 650 | 0 |
_aMarketing _vTextbooks. |
|
| 710 | 2 | _aForum for International Trade Training. | |
| 830 | 0 | _aFITTskills. | |
| 942 |
_2lcc _cBK _nDO |
||